000 00898nam a2200253Ia 4500
003 OSt
005 20220923222314.0
006 a|||||r|||| 00| 0
007 ta
008 220922b |||||||| |||| 00| 0 guj d
024 _a204,436
037 _cTextual
040 _aARTS
_cARTS
_bguj
041 _2guj
_aguj
082 _aO156,2N42,KE, 152L4
100 _aराय, मधु; व्यास, ज्योति, अनु.
_9166724
245 0 _aकिसी एक फूल का नाम लो
246 _aKisī ek fūl kā nām lo
260 _aदिल्ली
_b राधाकृष्ण प्रका0
_c1974
300 _a104पृ0
_ccm.
650 _aगुजराती साहित्य
942 _hO156,2N42,KE, 152L4
_cTEXL
_2CC
999 _c355185
_d355185